Predaj na trhu výrobnej sféry v kontexte vzťahov zákazník - dodávateľ habilitačná práca

Gespeichert in:
Bibliographische Detailangaben
1. Verfasser: Kita, Pavol
Körperschaft: Obchodná fakulta EU. Katedra marketingu
Format: Buch
Sprache:Slowakisch
Veröffentlicht: Bratislava 2010
Schlagworte:
Tags: Tag hinzufügen
Keine Tags, Fügen Sie das erste Tag hinzu!

MARC

LEADER 00000nam$a2200000$$$4500
001 0112572
005 20240502072242.1
041 0 |a slo 
044 |a SK 
245 1 0 |a Predaj na trhu výrobnej sféry v kontexte vzťahov zákazník - dodávateľ  |b habilitačná práca  |c Pavol Kita 
264 1 |a Bratislava  |c 2010 
300 |a 227 s. 
610 2 0 |a výroba 
610 2 0 |a sféra výrobná 
610 2 0 |a trh 
610 2 0 |a predaj 
610 2 0 |a zákazníci 
610 2 0 |a dodávatelia 
100 1 |a Kita, Pavol 
710 2 |a Obchodná fakulta EU. Katedra marketingu